|
|
|
|
| LEADER |
01105nam a2200253 i 4500 |
| 001 |
10117497 |
| 003 |
GR-PaULI |
| 005 |
20220527130712.0 |
| 008 |
220528s2019 gr b gre d |
| 952 |
|
|
|0 0
|1 0
|2 ddc
|4 0
|6 792_028000000000000_ΤΣΟ
|7 0
|9 360434
|a THST
|b THST
|d 2022-05-27
|i 017185
|l 1
|o 792.028 ΤΣΟ
|p 025000288560
|r 2022-11-21 00:00:00
|s 2022-11-02
|t 1
|w 2022-05-27
|y BK15
|
| 999 |
|
|
|c 210679
|d 210679
|
| 020 |
|
|
|a 9789605082925
|
| 040 |
|
|
|a GR-PaULI
|c GR-PaULI
|b gre
|e AACR2
|
| 041 |
0 |
|
|a gre
|
| 082 |
0 |
4 |
|a 792.028
|2 23
|
| 100 |
1 |
|
|a Τσολακίδης, Ευδόκιμος
|d 1962-
|9 146029
|e συγγραφέας
|
| 245 |
1 |
0 |
|a Υποκριτική :
|b από τη θεωρία στην πράξη /
|c Ευδόκιμος Τσολακίδης.
|
| 260 |
|
|
|a Αθήνα :
|b Εκδοτικός όμιλος Ιων,
|c 2019.
|
| 300 |
|
|
|a 264 σ. ;
|c 20 εκ.
|
| 504 |
|
|
|a Περιλαμβάνει βιβλιογραφία.
|
| 650 |
|
4 |
|a Υποκριτική
|x Διδασκαλία
|9 93098
|
| 650 |
|
4 |
|a Ηθοποιία
|x Μελέτη και διδασκαλία
|9 1573
|
| 942 |
|
|
|2 ddc
|c BK15
|
| 998 |
|
|
|c ΜΑΝΙΑ
|d 2022-05
|